000
00294nam a2200121 a 4500
005
20140414093847.0
008
100223s19uu xx 00 eng d
050
_a
CDB 500
_b
CHE 2000
245
_a
Chemistry :
_b
Central Science live.
650
_a
Chemistry.
942
_c
AVM
999
_c
109651
_d
109651